000 01151nam a22002177a 4500
003 SEM
005 20221025132336.0
008 180815b ||||| |||| 00| 0 arm d
040 _aSEM
_cSEM
041 0 _aarm.
080 _a069.2(47.925)/Ս-26
245 0 0 _aՀաղթանակների բնօրրան Սարդարապատ:
_bՍարդարապատի հերոսամարտի հուշահամալիր Հայաստանի ազգագրության և ազատագրական պայքարի պատմության ազգային թանգարան: /
_cՏեքստ.` Ս. Պողոսյան, Ա. Մելիքյան; Խմբ.` Կ. Արիստակեսյան
260 _aԵրևան:
_b«Տիգրան Մեծ»,
_c2008.
300 _a19 էջ;
_bնկ.;
_c24 սմ;
_e1 CD
500 _aՆվիրվում է Սարդարապատի հերոսամարտի 90-ամյակին:
650 _aՍարդարապատ
_xհուշահամալիր
_xԹանգարաններ
_zՀայաստան
700 1 _aՊողոսյան Ս․
_eտեքստ.
_4text
700 1 _aՄելիքյան Արևիկ
_eտեքստ.
_4text
700 1 _aԱրիստակեսյան Կարեն
_eխմբ.
_4edt.
942 _2udc
_cBK
999 _c68262
_d68262